00534nam a2200181 a 45000010010000000030011000100080041000210350026000620820012000881000024001002450031001242600046001556500014002019420012002159520090002279980020003179990015003370000-8842ELIB.Books110520 1951  a(ELIB.Books)0000-8988 aB bDou aDouglas, Lois Smith aThrough Heaven's Back Door bTexas: The Baylor University Press c1951 aBiography 2ddccBK 00102ddc4070aKBTSbKBTSd2011-05-20l0p6725r2022-01-22 00:00:00w2022-01-22yBK cbate2011-05-20 c8842d8842